INTEGRATED CIRCUITS DESIGN PRINCIPLES AND FABRICATION (Record no. 580529)

000 -LEADER
fixed length control field 00367nam a22001217a 4500
082 ## - DEWEY DECIMAL CLASSIFICATION NUMBER
Classification number 621.3192 INT
100 ## - MAIN ENTRY--PERSONAL NAME
Personal name FORDEMWALT, JAMES.N,WARNER, RAYMOND.M
9 (RLIN) 75033
245 ## - TITLE STATEMENT
Title INTEGRATED CIRCUITS DESIGN PRINCIPLES AND FABRICATION
260 ## - PUBLICATION, DISTRIBUTION, ETC.
Place of publication, distribution, etc. NEW YORK
Name of publisher, distributor, etc. MCGRAW HILL
Date of publication, distribution, etc. 1965
300 ## - PHYSICAL DESCRIPTION
Extent 385P
650 ## - SUBJECT ADDED ENTRY--TOPICAL TERM
Topical term or geographic name entry element CIRCUITS-DESIGN PRINCIPLES AND FABRICATION
9 (RLIN) 75034
942 ## - ADDED ENTRY ELEMENTS (KOHA)
Koha item type Book
Holdings
Withdrawn status Lost status Damaged status Not for loan Permanent Location Current Location Shelving location Date acquired Total Checkouts Full call number Barcode Date last seen Price effective from Koha item type
        College of Electrical & Mechanical Engineering (CEME) College of Electrical & Mechanical Engineering (CEME) General Stacks 05/15/2017   621.3192 INT CEME-14683 06/28/2021 06/28/2021 Book
© 2023 Central Library, National University of Sciences and Technology. All Rights Reserved.